Pular para o conteúdo

Связи с общественностью в органах власти Учебное пособие

В учебном пособии представлены теоретические понятия и определения имеющиеся в научной литературе отмечается взаимодействие органов власти с институтами гражданского общества а также особое внимание уделяется муниципальной информационной политике. Предназначено для подготовки бакалавров по направлен...

ver descrição completa

Na minha lista:
Detalhes bibliográficos
Autor principal: Украинцев В.Б
Formato: Учебное пособие
Edição:1
Acesso em linha:https://znanium.ru/catalog/document?id=465740
https://znanium.ru/cover/2213/2213880.jpg
Tags: Adicionar Tag
Sem tags, seja o primeiro a adicionar uma tag!
LEADER 02707nam0a2200313 i 4500
001 RU\infra-m\znanium\bibl\2213880
003 https://znanium.ru/catalog/document?id=465740
005 20250606000000.0
010 |a 978-5-7972-3080-9 
100 |a 20250606d2025 m y0rusy0150 ca 
101 0 |a rus 
102 |a RU 
200 1 |a Связи с общественностью в органах власти  |e Учебное пособие  |f Ростовский государственный экономический университет (РИНХ)  |g Ростовский государственный университет путей сообщения 
205 |a 1 
210 1 |a Ростов-на-Дону  |c Ростовский Государственный Экономический Университет (РГЭУ, бывший РИНХ)  |d 2023 
215 |a 318 с. 
330 |a В учебном пособии представлены теоретические понятия и определения имеющиеся в научной литературе отмечается взаимодействие органов власти с институтами гражданского общества а также особое внимание уделяется муниципальной информационной политике. Предназначено для подготовки бакалавров по направлению 38.03.04 «Государственное и муниципальное управление» всех форм обучения. 
333 |a ВО - Бакалавриат 
606 |a Реклама. Маркетинг. PR  |x Отраслевой маркетинг  |2 local 
608 |a Учебное пособие  |2 local 
675 |a 659  |z rus 
686 |a 60  |2 rubbk 
686 |a 38.03.04  |2 okso 
700 1 |a Украинцев  |b В.Б.  |g Вадим Борисович  |p Ростовский государственный экономический университет (РИНХ) 
701 1 |a Лепетикова  |b И.Ю.  |g Ирина Юрьевна  |p Ростовский государственный университет путей сообщения 
712 0 2 |a Ростовский государственный университет путей сообщения 
801 0 |a RU  |b Общество с ограниченной ответственностью «ЗНАНИУМ»  |c 20250605  |2 rusmarc 
856 4 |a znanium.ru  |m ebs_support@infra-m.ru  |n НИЦ ИНФРА-М  |u https://znanium.ru/catalog/document?id=465740 
856 4 1 |a znanium.ru  |d /cover/2213  |f 2213880.jpg  |q image/jpeg  |u https://znanium.ru/cover/2213/2213880.jpg